000 00477nam a2200181Ia 4500
005 20250326124151.0
008 250326s9999 xx 000 0 und d
037 _aTextbook
040 _aFMSL
_beng
_cFMSL
041 _aeng
_2eng
084 _aX:51 L2;7
_qFMSL
100 _aColin M
_9736907
245 0 _aMarketing for managers
_cColin M
260 _aLondon
_bLondon, Longman
_c1972
300 _a224p
942 _cTB
_hX:51 L2;7
999 _c1272563
_d1272563